Blue lock RIVALS style from desc - Statistics

General Stats
  • This quiz has been taken 196 times
  • The average score is 19 of 20
Answer Stats
Hint Answer % Correct
"A speed-focused character, mastering swift dashes, enhanced sprinting and boundless stamina." Chigiri
99%
"Beastly GOALKEEPER with sharp instincts and unmatched reflexes." Gagamaru
99%
"A strategic playmaker, reads the game well and excels at positioning and teamwork" Isagi
99%
"Tactical striker with deadly curves, precise shots, and unmatched control." Rin
99%
"Genius playmaker with unrivaled skills, precise passes, and unstoppable shots" Sae
99%
"An Energetic Dribbler, great at unpredictable plays and ankle breakers." Bachira
98%
"Natural Talent, highly skilled at trapping and controlling difficult passes." Nagi
96%
"An actual ninja on the field." Otoya
96%
"The ace that eats aces". Don Lorenzo
95%
"Fallen hero that's back to get his revenge". Kunigami
95%
"Jack of All Trades, Master of ...All?" Reo
95%
"Perhaps the best passer in soccer history." Hiori
94%
"A Ruthless Striker, dominant presence with powerful shots and individual play." King
94%
"Best defender you'll ever see and only one cause ngl we ain't making more." Aiku
92%
"Streetball legend, Ultimate dribbler." Yukimiya
91%
"A wild striker thriving on chaos and unpredictability." Shidou
89%
"A fitting title for one heck of a player." Kaiser
88%
"All he's missing is a fin!" Kurona
88%
"Fearless defender and striker able to appear anywhere at any time." Karasu
87%
"Truly, an out of this world player." NEL Isagi
83%
No matching quizzes found
Score Distribution
Percent of People with Each Score
Percentile by Number Answered
Your Score History
You have not taken this quiz